00525 a2200169 450000100060000002000180000604000220002410000290004624000470007524500420012230000080016436200090017265000300018194200070021195201200021899900170033862899 a9788571109636 cAnchieta - Pituba aSimmel, Georg, 1858-191810aQuestões fundamentais da sociologialpor10aQuestões fundamentais da sociologia a1200 a2006 4aSociologia e Antropologia cBK 00104070a91.1bCPLd2023-11-21l1o301 S592q SIM QUEp16171/PITr2023-11-21 18:48:18s2023-11-21w2023-11-21yBK c62899d62899